[Event "EU-ch rapid"]
[Site "Katowice"]
[Date "2017.12.17"]
[Round "11"]
[White "Ponomariov, Ruslan"]
[Black "Jaracz, Pawel"]
[Result "1-0"]
[WhiteElo "2694"]
[BlackElo "2465"]
[PlyCount "105"]
[EventDate "2017.12.16"]
[EventType "swiss (rapid)"]
[EventRounds "11"]
[EventCountry "POL"]
[SourceTitle "CBM 182 Extra"]
[Source "ChessBase"]
[SourceDate "2018.02.23"]
[SourceVersion "1"]
[SourceVersionDate "2018.02.23"]
[SourceQuality "1"]

1. e4 c5 2. Nf3 e6 3. d4 cxd4 4. Nxd4 Nc6 5. Nc3 Qc7 6. Be3 a6 7. Qf3 d6 8.
O-O-O Bd7 9. Qg3 Nf6 10. f3 Rc8 11. Kb1 Nxd4 12. Bxd4 e5 13. Be3 Be6 14. Qf2 h5
15. Bd3 Be7 16. h3 Qc6 17. g4 g6 18. Rhe1 hxg4 19. hxg4 Kf8 20. g5 Nh5 21. Nd5
Bxd5 22. exd5 Qa4 23. c4 Kg8 24. Rc1 Bf8 25. Rh1 Bg7 26. Qc2 Qd7 27. Be4 Nf4
28. Rxh8+ Bxh8 29. b4 a5 30. bxa5 Qd8 31. Qb2 Qxa5 32. Bb6 Qa4 33. Qb5 Qa3 34.
c5 Nh3 35. Qb3 Qa6 36. cxd6 Rxc1+ 37. Kxc1 Qf1+ 38. Kb2 Qe2+ 39. Kc3 Qe1+ 40.
Kc4 Nxg5 41. d7 Bf6 42. d8=Q+ Bxd8 43. Bxd8 Nxe4 44. fxe4 Qxe4+ 45. Kc5 Qd4+
46. Kd6 e4 47. Bb6 Qf6+ 48. Kd7 Qe5 49. d6 Kf8 50. Kc7 f5 51. Qc4 e3 52. Qd4
Qe6 53. d7 1-0

[Event "Wch Blitz"]
[Site "Riadh"]
[Date "2017.12.29"]
[Round "1"]
[White "Rakhmanov, Alexander"]
[Black "Ponomariov, Ruslan"]
[Result "1-0"]
[WhiteElo "2653"]
[BlackElo "2694"]
[PlyCount "33"]
[EventDate "2017.12.29"]
[EventType "swiss (blitz)"]
[EventRounds "21"]
[EventCountry "SAU"]
[SourceTitle "CBM 182 Extra"]
[Source "ChessBase"]
[SourceDate "2018.02.23"]
[SourceVersion "1"]
[SourceVersionDate "2018.02.23"]
[SourceQuality "1"]

1. d4 Nf6 2. c4 e6 3. Nc3 Bb4 4. e3 O-O 5. Bd3 c5 6. Nge2 d5 7. a3 Bxc3+ 8.
bxc3 dxc4 9. Bxc4 Qc7 10. Ba2 b6 11. O-O Bb7 12. Bb2 Nc6 13. c4 Rfd8 14. d5 Ne5
15. Nf4 b5 16. d6 Qc6 17. Bxe5 1-0

[Event "Wch Blitz"]
[Site "Riadh"]
[Date "2017.12.30"]
[Round "19"]
[White "Fedoseev, Vladimir1"]
[Black "Ponomariov, Ruslan"]
[Result "1-0"]
[WhiteElo "2718"]
[BlackElo "2694"]
[PlyCount "61"]
[EventDate "2017.12.29"]
[EventType "swiss (blitz)"]
[EventRounds "21"]
[EventCountry "SAU"]
[SourceTitle "CBM 182 Extra"]
[Source "ChessBase"]
[SourceDate "2018.02.23"]
[SourceVersion "1"]
[SourceVersionDate "2018.02.23"]
[SourceQuality "1"]

1. d4 Nf6 2. c4 e6 3. Nf3 b6 4. g3 Bb7 5. Bg2 Be7 6. O-O O-O 7. Be3 Na6 8. Nc3
d5 9. Ne5 c5 10. dxc5 bxc5 11. Bf4 Bd6 12. cxd5 Bxe5 13. Bxe5 Nxd5 14. Qb3 Qe7
15. Ne4 Rfd8 16. Bd6 Qd7 17. Nxc5 Nxc5 18. Bxc5 a6 19. Rfd1 Qb5 20. Qxb5 axb5
21. a3 f5 22. Rac1 Rac8 23. e3 Kf7 24. Bd4 Ba6 25. h4 b4 26. axb4 Nxb4 27. Ra1
Rd7 28. Ra4 Rb8 29. Rda1 Bd3 30. Ra7 Rbd8 31. Bb6 1-0

[Event "Shenzhen Hou Yifan-Ponomar rapid"]
[Site "Shenzhen"]
[Date "2018.07.04"]
[Round "1"]
[White "Ponomariov, Ruslan"]
[Black "Hou, Yifan"]
[Result "1-0"]
[WhiteElo "2686"]
[BlackElo "2658"]
[PlyCount "69"]
[EventDate "2018.07.04"]
[EventType "match (rapid)"]
[EventRounds "8"]
[EventCountry "CHN"]
[SourceTitle "CBM 185"]
[Source "ChessBase"]
[SourceDate "2018.07.13"]
[SourceVersion "1"]
[SourceVersionDate "2018.07.13"]
[SourceQuality "1"]

1. d4 Nf6 2. Nf3 d5 3. c4 e6 4. g3 Bb4+ 5. Bd2 Bd6 6. Nc3 O-O 7. Bg2 Nbd7 8. c5
Be7 9. O-O c6 10. b4 Ne4 11. Nxe4 dxe4 12. Ne5 a5 13. Nxd7 Qxd7 14. e3 e5 15.
dxe5 Rd8 16. Bc3 Qe6 17. Qc2 axb4 18. Bd4 b6 19. cxb6 Ba6 20. Rfc1 c5 21. Bxc5
Rac8 22. Qa4 Rxc5 23. Qxa6 Qxe5 24. b7 g6 25. Bf1 Rb8 26. Rxc5 Qxc5 27. Bc4 Rd8
28. Rc1 Kg7 29. Qb5 Qc7 30. Rc2 Rb8 31. Qd5 Bf6 32. Qxe4 Qxb7 33. Qxb7 Rxb7 34.
Bb3 Bc3 35. a4 1-0

[Event "Shenzhen Hou Yifan-Ponomar rapid"]
[Site "Shenzhen"]
[Date "2018.07.04"]
[Round "2"]
[White "Hou, Yifan"]
[Black "Ponomariov, Ruslan"]
[Result "1/2-1/2"]
[WhiteElo "2658"]
[BlackElo "2686"]
[PlyCount "125"]
[EventDate "2018.07.04"]
[EventType "match (rapid)"]
[EventRounds "8"]
[EventCountry "CHN"]
[SourceTitle "CBM 185"]
[Source "ChessBase"]
[SourceDate "2018.07.13"]
[SourceVersion "1"]
[SourceVersionDate "2018.07.13"]
[SourceQuality "1"]

1. e4 e5 2. Nf3 Nc6 3. Nc3 Nf6 4. Bb5 Bd6 5. d3 a6 6. Ba4 b5 7. Bb3 Na5 8. d4
exd4 9. Qxd4 O-O 10. Bg5 Be7 11. e5 Ne8 12. Bxe7 Qxe7 13. Nd5 Qd8 14. Qb4 Nc6
15. Qc5 Bb7 16. O-O-O d6 17. exd6 cxd6 18. Qe3 Na5 19. Rhe1 Nxb3+ 20. axb3 Bxd5
21. Rxd5 Nf6 22. Rdd1 Re8 23. Qd3 Rxe1 24. Rxe1 Rc8 25. Kb1 d5 26. Nd4 g6 27.
f3 Qd6 28. g3 Kg7 29. Qd2 h6 30. Re3 b4 31. Qe2 Rc7 32. Qd3 Rc8 33. Re2 a5 34.
Qb5 Rc5 35. Re6 Qc7 36. Qa6 Qd8 37. Qa7 Rc7 38. Qxa5 Qd7 39. Re2 Rb7 40. Qc5 h5
41. Qc6 Qxc6 42. Nxc6 h4 43. gxh4 Nh5 44. Rd2 Rb6 45. Ne5 f6 46. Nd3 Kf7 47.
Re2 Rb5 48. Kc1 Ng7 49. Rg2 Nf5 50. Rg4 d4 51. Kd2 Rb8 52. Rf4 Rh8 53. Nxb4
Nxh4 54. Nc6 g5 55. Re4 Nxf3+ 56. Ke2 Rc8 57. Re7+ Kg6 58. Re6 Kf7 59. Rd6 d3+
60. Rxd3 Rxc6 61. Kxf3 Rxc2 62. h3 Rxb2 63. h4 1/2-1/2

[Event "Shenzhen Hou Yifan-Ponomar rapid"]
[Site "Shenzhen"]
[Date "2018.07.04"]
[Round "3"]
[White "Ponomariov, Ruslan"]
[Black "Hou, Yifan"]
[Result "1/2-1/2"]
[WhiteElo "2686"]
[BlackElo "2658"]
[PlyCount "59"]
[EventDate "2018.07.04"]
[EventType "match (rapid)"]
[EventRounds "8"]
[EventCountry "CHN"]
[SourceTitle "CBM 185"]
[Source "ChessBase"]
[SourceDate "2018.07.13"]
[SourceVersion "1"]
[SourceVersionDate "2018.07.13"]
[SourceQuality "1"]

1. d4 Nf6 2. Nf3 d5 3. c4 e6 4. g3 Bb4+ 5. Bd2 Bd6 6. Nc3 O-O 7. Bg2 Nbd7 8. c5
Be7 9. O-O Ne4 10. Qc2 f5 11. Bf4 g5 12. Be3 c6 13. Rad1 Rf7 14. Nxe4 fxe4 15.
Ne5 Nxe5 16. dxe5 Bd7 17. f3 exf3 18. Bxf3 Qc7 19. Bh5 Rxf1+ 20. Rxf1 Rf8 21.
Rxf8+ Bxf8 22. Qc3 Qd8 23. Qb3 Be8 24. Bxe8 Qxe8 25. Qxb7 Qg6 26. Qxc6 Qb1+ 27.
Kf2 Qf5+ 28. Ke1 Qb1+ 29. Kf2 Qf5+ 30. Ke1 1/2-1/2

[Event "Shenzhen Hou Yifan-Ponomar rapid"]
[Site "Shenzhen"]
[Date "2018.07.04"]
[Round "4"]
[White "Hou, Yifan"]
[Black "Ponomariov, Ruslan"]
[Result "1/2-1/2"]
[WhiteElo "2658"]
[BlackElo "2686"]
[PlyCount "71"]
[EventDate "2018.07.04"]
[EventType "match (rapid)"]
[EventRounds "8"]
[EventCountry "CHN"]
[SourceTitle "CBM 185"]
[Source "ChessBase"]
[SourceDate "2018.07.13"]
[SourceVersion "1"]
[SourceVersionDate "2018.07.13"]
[SourceQuality "1"]

1. e4 e5 2. Nf3 Nc6 3. Nc3 Nf6 4. Bb5 Bb4 5. O-O O-O 6. d3 Bxc3 7. bxc3 d6 8.
Bg5 Bd7 9. Rb1 a6 10. Ba4 Rb8 11. Re1 Ne7 12. Bb3 Ng6 13. Nh4 Kh8 14. Qd2 h6
15. Nxg6+ fxg6 16. Be3 g5 17. f3 Qe7 18. d4 g4 19. fxg4 Nxg4 20. h3 Nxe3 21.
Qxe3 b6 22. Bc4 a5 23. Rf1 Kh7 24. Qg3 Bc6 25. Bd5 Bxd5 26. exd5 e4 27. Qe3
Rbe8 28. Rbe1 Rf6 29. Rxf6 Qxf6 30. Rf1 Qg6 31. c4 Re7 32. Rf4 Re8 33. Rg4 Qf5
34. Rf4 Qg6 35. Rg4 Qf5 36. Rf4 1/2-1/2

[Event "Shenzhen Hou Yifan-Ponomar rapid"]
[Site "Shenzhen"]
[Date "2018.07.05"]
[Round "5"]
[White "Ponomariov, Ruslan"]
[Black "Hou, Yifan"]
[Result "1/2-1/2"]
[WhiteElo "2686"]
[BlackElo "2658"]
[PlyCount "77"]
[EventDate "2018.07.04"]
[EventType "match (rapid)"]
[EventRounds "8"]
[EventCountry "CHN"]
[SourceTitle "CBM 185"]
[Source "ChessBase"]
[SourceDate "2018.07.13"]
[SourceVersion "1"]
[SourceVersionDate "2018.07.13"]
[SourceQuality "1"]

1. d4 Nf6 2. Nf3 d5 3. c4 e6 4. g3 Be7 5. Bg2 O-O 6. O-O dxc4 7. Qa4 c6 8. Qxc4
b5 9. Qc2 Bb7 10. Bg5 Nbd7 11. Rd1 Qb6 12. Nc3 c5 13. Ne5 Nxe5 14. dxe5 Bxg2
15. Kxg2 Qb7+ 16. Kg1 Nd5 17. Bxe7 Nxe7 18. a4 a6 19. axb5 axb5 20. Rxa8 Rxa8
21. Qd3 h6 22. Nxb5 Rb8 23. Nc3 Nc6 24. Qd6 Qb6 25. Na4 Qb5 26. Nxc5 Qxe2 27.
Rf1 Qf3 28. Nd7 Rd8 29. Qc7 Kh7 30. h4 Qd5 31. Nb6 Qe4 32. Nd7 Rxd7 33. Qxd7
Nxe5 34. Qd1 Nf3+ 35. Kh1 Qg4 36. Kg2 Nxh4+ 37. Kh2 Nf3+ 38. Kg2 Nh4+ 39. Kh2
1/2-1/2

[Event "Shenzhen Hou Yifan-Ponomar rapid"]
[Site "Shenzhen"]
[Date "2018.07.05"]
[Round "6"]
[White "Hou, Yifan"]
[Black "Ponomariov, Ruslan"]
[Result "1/2-1/2"]
[WhiteElo "2658"]
[BlackElo "2686"]
[PlyCount "126"]
[EventDate "2018.07.04"]
[EventType "match (rapid)"]
[EventRounds "8"]
[EventCountry "CHN"]
[SourceTitle "CBM 185"]
[Source "ChessBase"]
[SourceDate "2018.07.13"]
[SourceVersion "1"]
[SourceVersionDate "2018.07.13"]
[SourceQuality "1"]

1. e4 e5 2. Nf3 Nc6 3. Bb5 Nf6 4. O-O Nxe4 5. d4 Nd6 6. dxe5 Nxb5 7. a4 Nbd4 8.
Nxd4 d5 9. exd6 Nxd4 10. Qxd4 Qxd6 11. Qe3+ Be7 12. Nc3 c6 13. Re1 Be6 14. Ne4
Qc7 15. Nc5 Bxc5 16. Qxc5 b6 17. Qa3 c5 18. a5 O-O 19. axb6 Qxb6 20. Bf4 Rfe8
21. Re5 c4 22. h3 a6 23. Rae1 f6 24. R5e4 Bf7 25. Re7 Rxe7 26. Rxe7 Re8 27. Be3
Qc6 28. Ra7 Qe4 29. Qd6 Bd5 30. Qg3 Qg6 31. Qxg6 hxg6 32. Rxa6 Be4 33. Ra4 Rc8
34. c3 Bd3 35. Rb4 g5 36. Kh2 Rc7 37. Kg3 Kf7 38. Bd4 Bf1 39. b3 cxb3 40. Rxb3
Kg6 41. Rb1 Bc4 42. f4 gxf4+ 43. Kxf4 Re7 44. g4 Bd5 45. Rb5 Re4+ 46. Kg3 Bc4
47. Rc5 Bf1 48. Rc7 Be2 49. Ra7 Re8 50. Kf2 Bd3 51. h4 Bc4 52. h5+ Kh6 53. Be3+
Kh7 54. h6 Rg8 55. Kg3 Kg6 56. Rc7 Be2 57. hxg7 Rxg7 58. Rc6 Kf7 59. Rc7+ Kg8
60. Rxg7+ Kxg7 61. Bd4 Kf7 62. Kf4 Ke6 63. g5 fxg5+ 1/2-1/2

[Event "Shenzhen Hou Yifan-Ponomar rapid"]
[Site "Shenzhen"]
[Date "2018.07.05"]
[Round "7"]
[White "Ponomariov, Ruslan"]
[Black "Hou, Yifan"]
[Result "1/2-1/2"]
[WhiteElo "2686"]
[BlackElo "2658"]
[PlyCount "88"]
[EventDate "2018.07.04"]
[EventType "match (rapid)"]
[EventRounds "8"]
[EventCountry "CHN"]
[SourceTitle "CBM 185"]
[Source "ChessBase"]
[SourceDate "2018.07.13"]
[SourceVersion "1"]
[SourceVersionDate "2018.07.13"]
[SourceQuality "1"]

1. d4 Nf6 2. Nf3 d5 3. c4 e6 4. g3 Be7 5. Bg2 O-O 6. O-O dxc4 7. Qa4 c6 8. Qxc4
b5 9. Qb3 Bb7 10. Bg5 Nbd7 11. Nc3 a6 12. Bxf6 Nxf6 13. Rfd1 c5 14. dxc5 Qc7
15. a4 Bxc5 16. axb5 axb5 17. Nxb5 Qb6 18. Nbd4 Rxa1 19. Rxa1 Rb8 20. Qxb6 Bxb6
21. e3 h6 22. b3 Rd8 23. Ne5 Bxg2 24. Kxg2 Bxd4 25. exd4 Rxd4 26. Ra8+ Kh7 27.
Nxf7 Rb4 28. Ra3 Nd7 29. h4 Kg6 30. Nd6 Nc5 31. h5+ Kh7 32. Ra7 Rxb3 33. Rc7
Rd3 34. Nc8 Ne4 35. Ne7 Nf6 36. Ng6 Nxh5 37. Nf8+ Kg8 38. Nxe6 Rd6 39. Re7 g5
40. Kf3 Nf6 41. Nc5 Rc6 42. Ne4 Kf8 43. Re5 Nxe4 44. Kxe4 Kf7 1/2-1/2

[Event "Shenzhen Hou Yifan-Ponomar rapid"]
[Site "Shenzhen"]
[Date "2018.07.05"]
[Round "8"]
[White "Hou, Yifan"]
[Black "Ponomariov, Ruslan"]
[Result "1/2-1/2"]
[WhiteElo "2658"]
[BlackElo "2686"]
[PlyCount "76"]
[EventDate "2018.07.04"]
[EventType "match (rapid)"]
[EventRounds "8"]
[EventCountry "CHN"]
[SourceTitle "CBM 185"]
[Source "ChessBase"]
[SourceDate "2018.07.13"]
[SourceVersion "1"]
[SourceVersionDate "2018.07.13"]
[SourceQuality "1"]

1. e4 e5 2. Nf3 Nc6 3. Bb5 Nf6 4. d3 Bc5 5. O-O Nd4 6. Nxd4 Bxd4 7. c3 Bb6 8.
Na3 c6 9. Ba4 d6 10. Nc4 Bc7 11. Bb3 Be6 12. f4 exf4 13. Bxf4 d5 14. exd5 Nxd5
15. Bxc7 Qxc7 16. Qf3 O-O 17. Rae1 Rae8 18. d4 Re7 19. Ne5 Nf6 20. Bc2 Nd7 21.
Qe4 g6 22. Nf3 f5 23. Qh4 Nf6 24. Ng5 Bd5 25. b3 Rfe8 26. c4 Rxe1 27. Rxe1
Rxe1+ 28. Qxe1 h6 29. Ne6 Bxe6 30. Qxe6+ Kg7 31. h3 h5 32. Bd3 h4 33. Qe1 Qf4
34. Qe7+ Kh6 35. Qxf6 Qe3+ 36. Kh2 Qg3+ 37. Kh1 Qe1+ 38. Kh2 Qg3+ 1/2-1/2

[Event "Shenzhen Hou Yifan-Ponomariov blitz"]
[Site "Shenzhen"]
[Date "2018.07.07"]
[Round "1"]
[White "Ponomariov, Ruslan"]
[Black "Hou, Yifan"]
[Result "0-1"]
[WhiteElo "2686"]
[BlackElo "2658"]
[PlyCount "70"]
[EventDate "2018.07.07"]
[EventType "match (blitz)"]
[EventRounds "10"]
[EventCountry "CHN"]
[SourceTitle "CBM 185"]
[Source "ChessBase"]
[SourceDate "2018.07.13"]
[SourceVersion "1"]
[SourceVersionDate "2018.07.13"]
[SourceQuality "1"]

1. d4 Nf6 2. Nf3 d5 3. c4 e6 4. g3 Be7 5. Bg2 O-O 6. O-O dxc4 7. Qa4 a6 8. Qxc4
b5 9. Qc2 Bb7 10. Bd2 Bd6 11. Re1 Be4 12. Qc1 Bb7 13. a3 Nbd7 14. b4 Ne4 15.
Nc3 Nb6 16. Qc2 Nxd2 17. Nxd2 Bxg2 18. Kxg2 f5 19. e4 f4 20. e5 Be7 21. Qe4 Qe8
22. Rac1 a5 23. Rb1 axb4 24. axb4 Ra3 25. Rec1 Qf7 26. g4 f3+ 27. Kh1 Bg5 28.
Nxb5 Bxd2 29. Rxc7 Qe8 30. Nxa3 Nd5 31. Nc4 Rf4 32. Qc2 Nxc7 33. Qxd2 Rxg4 34.
Qe3 Qg6 35. Qxf3 Qxb1+ 0-1

[Event "Shenzhen Hou Yifan-Ponomariov blitz"]
[Site "Shenzhen"]
[Date "2018.07.07"]
[Round "2"]
[White "Hou, Yifan"]
[Black "Ponomariov, Ruslan"]
[Result "1/2-1/2"]
[WhiteElo "2658"]
[BlackElo "2686"]
[PlyCount "171"]
[EventDate "2018.07.07"]
[EventType "match (blitz)"]
[EventRounds "10"]
[EventCountry "CHN"]
[SourceTitle "CBM 185"]
[Source "ChessBase"]
[SourceDate "2018.07.13"]
[SourceVersion "1"]
[SourceVersionDate "2018.07.13"]
[SourceQuality "1"]

1. e4 e5 2. Nf3 Nc6 3. Bb5 Nf6 4. d3 Bc5 5. c3 O-O 6. O-O d6 7. Nbd2 Ne7 8. d4
exd4 9. cxd4 Bb6 10. Re1 Bg4 11. h3 Bh5 12. a4 a6 13. Bf1 Nc6 14. a5 Bxd4 15.
g4 Bg6 16. Nxd4 Nxd4 17. f4 h6 18. b4 Nc6 19. Qb3 Re8 20. f5 Bh7 21. Bb2 Ne5
22. Rad1 Nfd7 23. Nc4 Qe7 24. Kg2 Kh8 25. Ne3 f6 26. Nd5 Qd8 27. Qe3 Bg8 28.
Nf4 Bf7 29. Qg3 Qe7 30. Bc3 Kg8 31. Rd2 Nf8 32. h4 Rad8 33. Be2 Nc4 34. Bxc4
Bxc4 35. g5 fxg5 36. hxg5 Qxg5 37. Qxg5 hxg5 38. Nh5 Rd7 39. f6 Ng6 40. fxg7
Nf4+ 41. Nxf4 gxf4 42. Kf3 Kf7 43. Kxf4 Rg8 44. Rf2 Ke6 45. Rg1 Rf7+ 46. Ke3
Rxf2 47. Kxf2 Bb5 48. Ke3 Bc6 49. Rf1 Ke7 50. Bf6+ Kf7 51. Bd4+ Ke7 52. Rh1 Kf7
53. Rh6 Re8 54. Rh4 Rg8 55. Rf4+ Ke7 56. Kd3 Be8 57. Bc3 Bf7 58. Rh4 Be6 59.
Rh8 Kf7 60. Ke3 Bd7 61. Kf4 Bc6 62. Kf5 Bd7+ 63. Kg5 Bc6 64. Rh4 Rxg7+ 65. Bxg7
Kxg7 66. Kf4 Bd7 67. Ke3 Kf7 68. Rh7+ Ke8 69. Kd4 Kd8 70. Rh8+ Ke7 71. Rh7+ Kd8
72. Kd5 Ke8 73. Rh8+ Ke7 74. Rh7+ Kd8 75. e5 dxe5 76. Kxe5 Ba4 77. Kd5 Bb3+ 78.
Kc5 Bc2 79. Rh8+ Kd7 80. Rh4 Ba4 81. Rh7+ Kd8 82. Rh8+ Kd7 83. Rb8 Bc6 84. Kd4
Bg2 85. Kc5 Bf3 86. Rf8 1/2-1/2

[Event "Shenzhen Hou Yifan-Ponomariov blitz"]
[Site "Shenzhen"]
[Date "2018.07.07"]
[Round "3"]
[White "Ponomariov, Ruslan"]
[Black "Hou, Yifan"]
[Result "1/2-1/2"]
[WhiteElo "2686"]
[BlackElo "2658"]
[PlyCount "194"]
[EventDate "2018.07.07"]
[EventType "match (blitz)"]
[EventRounds "10"]
[EventCountry "CHN"]
[SourceTitle "CBM 185"]
[Source "ChessBase"]
[SourceDate "2018.07.13"]
[SourceVersion "1"]
[SourceVersionDate "2018.07.13"]
[SourceQuality "1"]

1. d4 Nf6 2. Bf4 e6 3. e3 c5 4. Nf3 Nc6 5. Nbd2 d5 6. c3 Be7 7. Ne5 Bd6 8. Bd3
Qc7 9. Ndf3 h6 10. Bg3 Ne4 11. Bxe4 dxe4 12. Nd2 cxd4 13. cxd4 Nxe5 14. dxe5
Bxe5 15. Rc1 Qa5 16. Bxe5 Qxe5 17. Nc4 Qd5 18. Qa4+ Bd7 19. Qb4 a5 20. Nd6+ Kf8
21. Qa3 b5 22. Qc5 Qxc5 23. Rxc5 Ke7 24. Nxe4 f5 25. Nc3 Rhc8 26. Rxc8 Rxc8 27.
Kd2 b4 28. Ne2 e5 29. f3 Be6 30. Ra1 Rd8+ 31. Ke1 Rd3 32. e4 fxe4 33. fxe4 Re3
34. Kd2 Rxe4 35. a3 Bc4 36. Ng3 Rd4+ 37. Ke1 Be6 38. axb4 axb4 39. Ra7+ Rd7 40.
Ra5 Bd5 41. Nf5+ Kf6 42. Ne3 Be6 43. Ra6 Rd4 44. Rb6 b3 45. Ke2 h5 46. g3 g6
47. Rb8 Ra4 48. Kd2 Ra1 49. Rf8+ Ke7 50. Rf2 Rb1 51. Kd3 Rc1 52. Ke4 Rc5 53.
Kd3 Bd7 54. Nd1 Bf5+ 55. Ke3 Rc2 56. Nc3 Kd6 57. Rd2+ Kc5 58. Ne2 Rxd2 59. Kxd2
Kd5 60. Ke3 Kc4 61. Nc3 g5 62. Nd1 Bc2 63. Nc3 Bd3 64. Nd1 Bf5 65. Nc3 h4 66.
Ne2 Bd3 67. Nc3 hxg3 68. hxg3 Bf5 69. Ne2 Kd5 70. Nc3+ Ke6 71. Na4 Bc2 72. Nc3
Kf5 73. Nd5 Ke6 74. Nc3 Kf5 75. Nd5 e4 76. Kf2 Ke5 77. Ne3 Kd4 78. Ke2 Bd3+ 79.
Kd2 Bb5 80. Nf5+ Ke5 81. Ne3 Kd4 82. Nf5+ Ke5 83. Ne3 Bd7 84. Kc3 Be6 85. Kd2
Kd4 86. Nd1 Bc4 87. Ne3 Be6 88. Nd1 Bg4 89. Ne3 Bf3 90. Nf5+ Ke5 91. Ne3 Bh5
92. Kc3 Bf7 93. Kd2 Be6 94. Kc3 Bf7 95. Kd2 Kd4 96. Nf5+ Ke5 97. Ne3 Be6
1/2-1/2

[Event "Shenzhen Hou Yifan-Ponomariov blitz"]
[Site "Shenzhen"]
[Date "2018.07.07"]
[Round "4"]
[White "Hou, Yifan"]
[Black "Ponomariov, Ruslan"]
[Result "0-1"]
[WhiteElo "2658"]
[BlackElo "2686"]
[PlyCount "53"]
[EventDate "2018.07.07"]
[EventType "match (blitz)"]
[EventRounds "10"]
[EventCountry "CHN"]
[SourceTitle "CBM 185"]
[Source "ChessBase"]
[SourceDate "2018.07.13"]
[SourceVersion "1"]
[SourceVersionDate "2018.07.13"]
[SourceQuality "1"]

1. e4 e5 2. Nf3 Nc6 3. Bb5 g6 4. c3 a6 5. Ba4 Nge7 6. d4 exd4 7. cxd4 b5 8. d5
bxa4 9. dxc6 Nxc6 10. Qxa4 Bg7 11. O-O O-O 12. Nc3 Rb8 13. Bg5 f6 14. Bf4 Rxb2
15. Nd5 Ne5 16. Nxf6+ Bxf6 17. Bxe5 Bxe5 18. Nxe5 Rb5 19. f4 d6 20. Qc4+ Kg7
21. Nc6 Qe8 22. Rac1 Bd7 23. Nb4 c6 24. Qd4+ Kg8 25. Qxd6 Qxe4 26. Qxd7 Rxb4
27. Kh1 0-1

[Event "Shenzhen Hou Yifan-Ponomariov blitz"]
[Site "Shenzhen"]
[Date "2018.07.07"]
[Round "5"]
[White "Ponomariov, Ruslan"]
[Black "Hou, Yifan"]
[Result "1-0"]
[WhiteElo "2686"]
[BlackElo "2658"]
[PlyCount "175"]
[EventDate "2018.07.07"]
[EventType "match (blitz)"]
[EventRounds "10"]
[EventCountry "CHN"]
[SourceTitle "CBM 185"]
[Source "ChessBase"]
[SourceDate "2018.07.13"]
[SourceVersion "1"]
[SourceVersionDate "2018.07.13"]
[SourceQuality "1"]

1. d4 Nf6 2. Bf4 d5 3. e3 e6 4. Nd2 c5 5. c3 Nc6 6. Ngf3 Be7 7. h3 Bd6 8. Bb5
O-O 9. Bxc6 bxc6 10. Qa4 Bxf4 11. exf4 Qb6 12. O-O cxd4 13. cxd4 c5 14. dxc5
Qxc5 15. Qd4 Qd6 16. Rfc1 Bd7 17. Ne5 h6 18. a3 Rfb8 19. b4 a6 20. Ndc4 Qc7 21.
Na5 Qd6 22. Qc5 Qxc5 23. Rxc5 Rc8 24. Rac1 Rxc5 25. Rxc5 Ra7 26. Nb3 Ne4 27.
Rc1 Ba4 28. Nd4 Nd6 29. f3 f6 30. Nd3 Kf7 31. Nc5 Bd7 32. Re1 Nb5 33. Ndxe6
Bxe6 34. Rxe6 a5 35. Ra6 Rxa6 36. Nxa6 Nxa3 37. bxa5 Nc4 38. Nb4 Nxa5 39. Nxd5
Ke6 40. Ne3 f5 41. Kf2 Nb3 42. Ke2 Nc5 43. Nc2 Kd5 44. Ke3 Ne6 45. Nb4+ Kc5 46.
Nd3+ Kd6 47. g3 Kd5 48. h4 h5 49. Ne5 Kd6 50. Kd3 Kd5 51. Ng6 Nc5+ 52. Ke3 Nd7
53. Ne7+ Ke6 54. Nc6 Kd5 55. Nd4 g6 56. Ne2 Nb8 57. Kd3 Nc6 58. Nc3+ Kc5 59.
Na2 Kd5 60. Nc1 Nd4 61. Ke3 Nc2+ 62. Kf2 Kd4 63. Nb3+ Kc4 64. Na5+ Kd5 65. Nb7
Nd4 66. Nd8 Kd6 67. Nf7+ Ke7 68. Ne5 Kf6 69. Ke3 Ne6 70. Kd3 Nd8 71. Kc4 Ne6
72. Kd5 Nc7+ 73. Kc6 Ne6 74. Kd5 Nc7+ 75. Kc4 Ne6 76. Nc6 Nc7 77. Nd4 Ke7 78.
Kc5 Ne6+ 79. Nxe6 Kxe6 80. Kc6 Ke7 81. Kc7 Ke6 82. Kd8 Kf7 83. Kd7 Kf6 84. Ke8
Kg7 85. Ke7 Kg8 86. Kf6 Kh7 87. Kf7 Kh6 88. Kg8 1-0

[Event "Shenzhen Hou Yifan-Ponomariov blitz"]
[Site "Shenzhen"]
[Date "2018.07.07"]
[Round "6"]
[White "Hou, Yifan"]
[Black "Ponomariov, Ruslan"]
[Result "1-0"]
[WhiteElo "2658"]
[BlackElo "2686"]
[PlyCount "88"]
[EventDate "2018.07.07"]
[EventType "match (blitz)"]
[EventRounds "10"]
[EventCountry "CHN"]
[SourceTitle "CBM 185"]
[Source "ChessBase"]
[SourceDate "2018.07.13"]
[SourceVersion "1"]
[SourceVersionDate "2018.07.13"]
[SourceQuality "1"]

1. e4 e5 2. Nf3 Nc6 3. Bb5 Nf6 4. d3 Bc5 5. c3 O-O 6. O-O Re8 7. Bg5 h6 8. Bh4
Be7 9. a4 d6 10. Nbd2 Be6 11. d4 exd4 12. cxd4 a6 13. Bd3 d5 14. e5 Nd7 15.
Bxe7 Qxe7 16. Nb3 Qb4 17. Bc2 Bg4 18. Qd3 Nf8 19. Nfd2 Qb6 20. a5 Qb5 21. Qg3
Be2 22. Rfe1 Bc4 23. Qc3 Qb4 24. f4 Bxb3 25. Nxb3 Rad8 26. Red1 g6 27. Nc5 Rb8
28. Ba4 Red8 29. Bxc6 bxc6 30. Nxa6 Qxc3 31. bxc3 Rb7 32. Nc5 Ra7 33. a6 Ne6
34. Nxe6 fxe6 35. Ra5 Rb8 36. Kf2 Kf7 37. Ke3 h5 38. g3 Rb3 39. Kd3 Ke7 40. Kc2
Rb6 41. Rda1 Kd7 42. h3 Ke7 43. R5a2 Kd7 44. g4 hxg4 1-0

[Event "Shenzhen Hou Yifan-Ponomariov blitz"]
[Site "Shenzhen"]
[Date "2018.07.07"]
[Round "7"]
[White "Ponomariov, Ruslan"]
[Black "Hou, Yifan"]
[Result "1-0"]
[WhiteElo "2686"]
[BlackElo "2658"]
[PlyCount "59"]
[EventDate "2018.07.07"]
[EventType "match (blitz)"]
[EventRounds "10"]
[EventCountry "CHN"]
[SourceTitle "CBM 185"]
[Source "ChessBase"]
[SourceDate "2018.07.13"]
[SourceVersion "1"]
[SourceVersionDate "2018.07.13"]
[SourceQuality "1"]

1. d4 Nf6 2. Bf4 e6 3. e3 c5 4. Nf3 d5 5. c3 Nc6 6. Nbd2 Be7 7. Ne5 O-O 8. Bd3
Nd7 9. Nef3 f5 10. O-O g5 11. Bg3 f4 12. exf4 gxf4 13. Qe2 e5 14. Nxe5 Ndxe5
15. dxe5 fxg3 16. fxg3 Bg5 17. Qh5 Rxf1+ 18. Rxf1 Qe7 19. Bxh7+ Qxh7 20. Qe8+
Kg7 21. Rf7+ Kh6 22. Rxh7+ Kxh7 23. Qh5+ Bh6 24. Qf7+ Bg7 25. e6 Ne5 26. Qh5+
Kg8 27. Qe8+ Kh7 28. Nf3 Nxf3+ 29. gxf3 b6 30. e7 1-0

[Event "Shenzhen Hou Yifan-Ponomariov blitz"]
[Site "Shenzhen"]
[Date "2018.07.07"]
[Round "8"]
[White "Hou, Yifan"]
[Black "Ponomariov, Ruslan"]
[Result "0-1"]
[WhiteElo "2658"]
[BlackElo "2686"]
[PlyCount "80"]
[EventDate "2018.07.07"]
[EventType "match (blitz)"]
[EventRounds "10"]
[EventCountry "CHN"]
[SourceTitle "CBM 185"]
[Source "ChessBase"]
[SourceDate "2018.07.13"]
[SourceVersion "1"]
[SourceVersionDate "2018.07.13"]
[SourceQuality "1"]

1. e4 c5 2. Nf3 Nf6 3. Nc3 d5 4. exd5 Nxd5 5. Bb5+ Bd7 6. Qe2 Nxc3 7. dxc3 Nc6
8. Be3 e6 9. O-O-O Qc7 10. Qc4 a6 11. Bxc6 Bxc6 12. Bf4 Qc8 13. Ne5 Be7 14. Qd3
f6 15. Nc4 Bb5 16. Nd6+ Bxd6 17. Qxd6 Kf7 18. Be3 c4 19. Bb6 Qc6 20. Qd4 Rhe8
21. b3 e5 22. Qe3 Qe6 23. Rd2 Rac8 24. Rhd1 Kg8 25. Rd6 Qg4 26. g3 Bc6 27. Kb2
Qf3 28. Qd2 h6 29. Be3 Kh7 30. h4 Qf5 31. Bb6 Bf3 32. Re1 Re6 33. Re3 Rxd6 34.
Qxd6 Bc6 35. Qd2 Re8 36. a4 Re7 37. a5 Rd7 38. Qe1 Bf3 39. Qa1 Rd2 40. Rxf3
Qxc2+ 0-1